000 00658nam a22002417a 4500
999 _c7638
_d7638
001 7638
003 BD-JhCC
005 20180212170944.0
008 180212s1968 ru ab||| |||| 00| 0 eng d
035 _a(BD-JhCC)7638
040 _aBD-JhCC
_dBD-JhCC
041 _aeng
082 _a622.1
_bKRE 1968
100 _aKreiter, V. M.
245 _aGeological Prospecting and Exploration /
_cV. M. Kreiter Translated By Alexander Gurevich
260 _aMoscow :
_bMir Publishers,
_c1968.
300 _a383 p. :
_bill.;
_c22.5 cm.
504 _aIncludes Index
650 _aProspecting
650 _aGeology
700 _aGurevich, Alexander
942 _2ddc
_cBK